| 000 | nam a22 7a 4500 | ||
|---|---|---|---|
| 999 |
_c17610 _d17610 |
||
| 008 | 161128b xxu||||| |||| 00| 0 eng d | ||
| 020 | _a0226300420 | ||
| 050 | _aPR 2976 .G63 1951 | ||
| 100 | _aGoddard, Harold C. | ||
| 245 |
_aThe Meaning of Shakespeare/ _cHarold C. Goddard |
||
| 260 |
_aChicago: _bPhoenix Books/The University of Chicago Press, _c1951 |
||
| 300 |
_av, 299p. : _ccm |
||
| 440 | _vvol2 | ||
| 500 | _aIncludes references and index. | ||
| 650 | _aEnglish literature. | ||
| 942 |
_2lcc _cBOOKS _hPR 2976 .G63 1951 |
||